Samson (Record no. 17217)

000 -LEADER
fixed length control field 00500nam a2200169 a 4500
001 - CONTROL NUMBER
control field :::00020994$&:&@@
003 - CONTROL NUMBER IDENTIFIER
control field OkBaRHE
005 - DATE AND TIME OF LATEST TRANSACTION
control field 20110409145922.0
008 - FIXED-LENGTH DATA ELEMENTS--GENERAL INFORMATION
fixed length control field s1975 j 000 0 eng u
040 ## - CATALOGING SOURCE
Transcribing agency
100 1# - MAIN ENTRY--PERSONAL NAME
Personal name Fjordbak, Everitt M.
245 10 - TITLE STATEMENT
Title Samson
260 ## - PUBLICATION, DISTRIBUTION, ETC. (IMPRINT)
Place of publication, distribution, etc Dallas, TX
Name of publisher, distributor, etc Wisdom House Publishers
Date of publication, distribution, etc 1975
300 ## - PHYSICAL DESCRIPTION
Extent 74 p
942 ## - ADDED ENTRY ELEMENTS (KOHA)
Source of classification or shelving scheme
Koha item type Books
Copies
Date last seen Koha item type Copy number Not for loan Withdrawn status Lost status Barcode Price effective from Source of classification or shelving scheme Date acquired Permanent Location Shelving location Damaged status Current Location Full call number
2011-04-09Books1   000209942010-04-14 2010-04-14RHEMA Bible Training CollegeGeneral Stacks RHEMA Bible Training CollegeBS 580 .S15 F56